000
00298nam a22001337a 4500
999
_c
15658
_d
15658
003
OSt
008
190523b ||||| |||| 00| 0 eng d
020
_a
9789388240949
082
_a
371.271
245
_a
Banking Awareness
260
_a
New Delhi
_b
Dish Publication
300
_a
252 p.
942
_c
BK